| 000 | 00705nam a22001697a 4500 | ||
|---|---|---|---|
| 999 |
_c14957 _d14957 |
||
| 008 | 200203b ||||| |||| 00| 0 eng d | ||
| 082 |
_22011 _aUT 1463 _bC81 |
||
| 100 |
_aCortez, Mary Wea Morales _941514 |
||
| 245 |
_aFactors that Motivate Voters to Choose their Preferred Political Aspirants in Barangay Alegre, Bansalan, Davao Del Sur/ _cMary Wea Morales Cortez, Jesm O. MascariƱo & Irish S. Tatad |
||
| 260 |
_aDigos City _bUMDC _cOctober 2011 |
||
| 300 |
_a44 pages _c30 cm |
||
| 650 |
_aBachelor of Arts _vPolitical Science _xUndergraduate Thesis _941515 |
||
| 700 |
_aCortez, Mary Wea Morales _941516 |
||
| 700 |
_aMascariƱo, Jesm O. _941517 |
||
| 700 |
_aTatad,Irish S. _941518 |
||
| 942 |
_2ddc _cUT |
||